[Event "TUR-ch (Women)"]
[Site "Antalya"]
[Date "2019.03.07"]
[Round "7"]
[White "Inci, Busra Nur"]
[Black "Avluk, Dilek"]
[Result "1-0"]
[WhiteElo "1009"]
[BlackElo "1377"]
[PlyCount "101"]
[EventDate "2019.03.03"]
[EventType "swiss"]
[EventRounds "9"]
[EventCountry "TUR"]
[SourceTitle "CBM 189 Extra"]
[Source "ChessBase"]
[SourceDate "2019.06.03"]
[SourceVersion "1"]
[SourceVersionDate "2019.06.03"]
[SourceQuality "1"]

1. e4 e5 2. Nf3 Nc6 3. Bc4 h6 4. d3 Nf6 5. 0-0 Bc5 6. Be3 Bxe3 7. fxe3 d6 8. h3 Bd7 9. Nc3 Qc8 10. d4 0-0 11. Qe1 Kh7 12. Rd1 Qd8 13. a3 Qe7 14. Qh4 Kg8 15. b4 a6 16. Rd2 Rad8 17. g4 Nh7 18. Qxe7 Nxe7 19. dxe5 Be6 20. Bxe6 fxe6 21. exd6 cxd6 22. Kg2 d5 23. exd5 Nxd5 24. Nxd5 exd5 25. Rfd1 Nf6 26. c4 Rfe8 27. Rd3 Kf8 28. cxd5 Rd6 29. Kf2 Red8 30. Ne5 Ke7 31. Kf3 Rxd5 32. Rxd5 Nxd5 33. Ng6+ Ke8 34. Nf4 Nc3 35. Rxd8+ Kxd8 36. Ne6+ Kd7 37. Nxg7 Nb1 38. a4 Nc3 39. Nf5 Nxa4 40. Nxh6 Nb6 41. Ke4 Ke6 42. Nf5 Nd5 43. Nd4+ Kd6 44. Kf5 Nxe3+ 45. Kf6 Nd5+ 46. Kf7 Nf4 47. g5 Kd5 48. g6 Nh5 49. Nf5 Kc4 50. Ng3 Nf4 51. g7 1-0

[Event "TUR-ch (Women)"]
[Site "Antalya"]
[Date "2019.03.04"]
[Round "2"]
[White "Inci, Busra Nur"]
[Black "Sen, Nehir"]
[Result "0-1"]
[WhiteElo "1009"]
[BlackElo "1311"]
[PlyCount "146"]
[EventDate "2019.03.03"]
[EventType "swiss"]
[EventRounds "9"]
[EventCountry "TUR"]
[SourceTitle "CBM 189 Extra"]
[Source "ChessBase"]
[SourceDate "2019.06.03"]
[SourceVersion "1"]
[SourceVersionDate "2019.06.03"]
[SourceQuality "1"]

1. d4 g6 2. c4 Bg7 3. Nc3 d6 4. e4 Nc6 5. Be3 Nf6 6. d5 Nb8 7. Bd3 Ng4 8. Bd2 Bd4 9. Nh3 e5 10. Qf3 h6 11. 0-0 Na6 12. Be2 Nf6 13. Kh1 Nc5 14. Be3 Bg4 15. Qg3 Bxe2 16. Nxe2 Ncxe4 17. Qf3 Bb6 18. Bxb6 axb6 19. Qe3 Nc5 20. b4 Ncd7 21. f4 Qe7 22. fxe5 Nxe5 23. Qf4 Nh5 24. Qd4 0-0 25. Nhf4 Nxf4 26. Qxf4 Kh7 27. Qe3 Qh4 28. Rf4 Ng4 29. Qg1 Qg5 30. h3 Ne5 31. h4 Qd8 32. Qh2 Nd3 33. Rf3 Nxb4 34. Raf1 Qe7 35. Ng1 Rxa2 36. Qf4 Qe5 37. Qg4 f5 38. Qh3 Qe4 39. Rf4 Qd3 40. R1f3 Qd2 41. Rf2 Qc1 42. Rf1 Qa3 43. R4f3 Qb2 44. R1f2 Qe5 45. Re3 Qf6 46. Rf1 Rc2 47. Rfe1 Rxc4 48. Qf3 Rxh4+ 49. Nh3 Nc2 50. Re6 Nxe1 51. Rxf6 Nxf3 52. Rxf8 Ng5 53. Kh2 Nxh3 54. gxh3 Kg7 55. Rc8 Rc4 56. Rb8 Kf6 57. Rxb7 Ke5 58. Rb8 Kxd5 59. Rh8 Rh4 60. Kg3 g5 61. Rf8 f4+ 62. Kf3 Rxh3+ 63. Kg4 Rg3+ 64. Kf5 b5 65. Rb8 Kc4 66. Rc8 c5 67. Rd8 d5 68. Rh8 b4 69. Rxh6 b3 70. Rb6 d4 71. Ke4 d3 72. Rd6 b2 73. Rxd3 b1Q 0-1